DIGITAL DESIGN (Record no. 28340)
[ view plain ]
| 000 -LEADER | |
|---|---|
| fixed length control field | 00298nam a22001457a 4500 |
| 003 - CONTROL NUMBER IDENTIFIER | |
| control field | SGT |
| 020 ## - INTERNATIONAL STANDARD BOOK NUMBER | |
| International Standard Book Number | 9789353062019 |
| 082 ## - DEWEY DECIMAL CLASSIFICATION NUMBER | |
| Classification number | 621.38,MAN |
| 100 ## - MAIN ENTRY--PERSONAL NAME | |
| Personal name | MANO, MORRIS M. |
| 245 ## - TITLE STATEMENT | |
| Title | DIGITAL DESIGN |
| 250 ## - EDITION STATEMENT | |
| Edition statement | 6TH |
| 260 ## - PUBLICATION, DISTRIBUTION, ETC. (IMPRINT) | |
| Place of publication, distribution, etc | NEW DELHI |
| Name of publisher, distributor, etc | PEARSON |
| Year of Publication | 2024 |
| 300 ## - PAGE DESCRIPTION | |
| No. of Pages | 765 |
| 942 ## - ADDED ENTRY ELEMENTS (KOHA) | |
| Source of classification or shelving scheme | Dewey Decimal Classification |
| Koha item type | Books |
| Withdrawn status | Lost status | Source of classification or shelving scheme | Damaged status | Use restrictions | Not for loan | Collection code | Home library | Current library | Shelving location | Date acquired | Vendor Name | Cost, normal purchase price | SGTU | Bill Number | Full call number | Accession No. (Barcode) | Date last seen | Bill Date | Koha item type | Total Checkouts |
|---|---|---|---|---|---|---|---|---|---|---|---|---|---|---|---|---|---|---|---|---|
| Dewey Decimal Classification | Restricted Access | Not For Loan | ENGINEERING | SGT Engineering Library | SGT Engineering Library | Reference Book | 23/12/2024 | SAVERA BOOK DISTRIBUTORS | 820.00 | SGTU | CRB/600 | 621.38,MAN | FE9226 | 23/12/2024 | 09/11/2024 | Books | ||||
| Dewey Decimal Classification | ENGINEERING | SGT Engineering Library | SGT Engineering Library | Text Book | 23/12/2024 | SAVERA BOOK DISTRIBUTORS | 820.00 | SGTU | CRB/600 | 621.38,MAN | FE9227 | 23/12/2024 | 09/11/2024 | Books | ||||||
| Dewey Decimal Classification | ENGINEERING | SGT Engineering Library | SGT Engineering Library | Text Book | 23/12/2024 | SAVERA BOOK DISTRIBUTORS | 820.00 | SGTU | CRB/600 | 621.38,MAN | FE9228 | 23/12/2024 | 09/11/2024 | Books | ||||||
| Dewey Decimal Classification | ENGINEERING | SGT Engineering Library | SGT Engineering Library | Text Book | 23/12/2024 | SAVERA BOOK DISTRIBUTORS | 820.00 | SGTU | CRB/600 | 621.38,MAN | FE9229 | 23/12/2024 | 09/11/2024 | Books | ||||||
| Dewey Decimal Classification | ENGINEERING | SGT Engineering Library | SGT Engineering Library | Text Book | 23/12/2024 | SAVERA BOOK DISTRIBUTORS | 820.00 | SGTU | CRB/600 | 621.38,MAN | FE9230 | 23/12/2024 | 09/11/2024 | Books |